[Event "MR"]
[Site "Rzeszow"]
[Date "2017.11.12"]
[Round "9.4"]
[White "Ziemniak, Piotr"]
[Black "Janzer, Hubert"]
[Result "0-1"]
[LiveChessVersion "1.4.8"]
[BlackElo "1822"]
[WhiteElo "1810"]

1. e4 {[%clk 1:28:28]} c5 {[%clk 1:30:42]} 2. Nf3 {[%clk 1:28:54]} d6
{[%clk 1:31:08]} 3. d4 {[%clk 1:29:21]} cxd4 {[%clk 1:31:34]} 4. Nxd4
{[%clk 1:29:49]} Nf6 {[%clk 1:31:40]} 5. Nc3 {[%clk 1:30:15]} a6 {[%clk 1:32:06]}
6. Bc4 {[%clk 1:30:27]} g6 {[%clk 1:30:43]} 7. f3 {[%clk 1:30:03]} Bg7
{[%clk 1:30:59]} 8. Be3 {[%clk 1:30:28]} O-O {[%clk 1:30:49]} 9. Qd2
{[%clk 1:30:55]} b5 {[%clk 1:30:14]} 10. Bb3 {[%clk 1:31:09]} Bb7
{[%clk 1:26:13]} 11. O-O-O {[%clk 1:30:23]} Nbd7 {[%clk 1:25:23]} 12. h4
{[%clk 1:30:17]} b4 {[%clk 1:22:26]} 13. Nd5 {[%clk 1:27:13]} Bxd5
{[%clk 1:19:06]} 14. Bxd5 {[%clk 1:26:46]} Nxd5 {[%clk 1:19:21]} 15. exd5
{[%clk 1:27:07]} Qa5 {[%clk 1:19:18]} 16. Kb1 {[%clk 1:20:01]} Qxd5
{[%clk 1:18:30]} 17. h5 {[%clk 1:18:25]} Ne5 {[%clk 1:16:48]} 18. hxg6
{[%clk 1:15:36]} Nc4 {[%clk 1:16:42]} 19. Qf2 {[%clk 1:12:01]} Nxe3
{[%clk 1:11:12]} 20. Qxe3 {[%clk 1:12:24]} hxg6 {[%clk 1:10:08]} 21. Qxe7
{[%clk 1:11:23]} Rfe8 {[%clk 1:09:17]} 22. Qh4 {[%clk 1:10:55]} a5
{[%clk 1:05:54]} 23. g4 {[%clk 1:05:38]} Qc4 {[%clk 1:02:05]} 24. g5
{[%clk 0:54:51]} Rac8 {[%clk 1:02:00]} 25. Qf2 {[%clk 0:47:06]} a4
{[%clk 0:58:11]} 26. Rh4 {[%clk 0:38:02]} Qd5 {[%clk 0:48:27]} 27. Rdh1
{[%clk 0:26:34]} Qxg5 {[%clk 0:47:50]} 28. Qh2 {[%clk 0:19:09]} Qf6
{[%clk 0:45:01]} 29. Qd2 {[%clk 0:19:02]} Rc4 {[%clk 0:44:59]} 30. c3
{[%clk 0:16:33]} bxc3 {[%clk 0:45:08]} 31. bxc3 {[%clk 0:16:35]} Rb8+
{[%clk 0:45:25]} 32. Ka1 {[%clk 0:15:30]} Rbc8 {[%clk 0:42:42]} 33. Rf4
{[%clk 0:12:08]} Qe5 {[%clk 0:39:36]} 34. Re4 {[%clk 0:11:15]} Qa5
{[%clk 0:39:22]} 35. Rc1 {[%clk 0:07:44]} d5 {[%clk 0:39:10]} 36. Rg4
{[%clk 0:04:43]} Rxc3 {[%clk 0:38:57]} 37. Rxc3 {[%clk 0:04:08]} Qxc3+
{[%clk 0:38:40]} 38. Qxc3 {[%clk 0:04:33]} Rxc3 {[%clk 0:39:05]} 39. Kb1
{[%clk 0:04:30]} Bxd4 {[%clk 0:38:25]} 40. Rxd4 {[%clk 0:04:49]} a3
{[%clk 0:37:54]} 41. f4 {[%clk 0:05:05]} Rf3 {[%clk 0:38:17]} 42. Kc2
{[%clk 0:03:52]} Kg7 {[%clk 0:38:40]} 43. f5 {[%clk 0:03:33]} g5 {[%clk 0:37:20]}
44. Rxd5 {[%clk 0:02:04]} Kf6 {[%clk 0:37:32]} 45. Ra5 {[%clk 0:01:09]} g4
{[%clk 0:37:52]} 46. Kd1 {[%clk 0:01:27]} g3 {[%clk 0:38:03]} 47. Ke2
{[%clk 0:01:39]} Rf2+ {[%clk 0:37:55]} 48. Ke1 {[%clk 0:01:59]} Rxa2
{[%clk 0:38:13]} 49. Kf1 {[%clk 0:02:20]} Rf2+ {[%clk 0:38:20]} 50. Kg1
{[%clk 0:02:41]} a2 {[%clk 0:38:38]} 51. Ra6+ {[%clk 0:01:56]} Kg5
{[%clk 0:39:00]} 52. f6 {[%clk 0:02:10]} Rb2 {[%clk 0:39:08]} 0-1

[Event "MR"]
[Site "Rzeszow"]
[Date "2017.11.12"]
[Round "9.5"]
[White "Swigon, Tomasz"]
[Black "Lesniak, Mateusz"]
[Result "1-0"]
[LiveChessVersion "1.4.8"]
[BlackElo "1543"]
[WhiteElo "1837"]

1. e4 {[%clk 1:30:29]} c5 {[%clk 1:29:24]} 2. Nc3 {[%clk 1:30:53]} e6
{[%clk 1:29:44]} 3. f4 {[%clk 1:31:09]} d6 {[%clk 1:29:00]} 4. Nf3
{[%clk 1:31:31]} Nc6 {[%clk 1:29:16]} 5. Bb5 {[%clk 1:31:37]} Bd7
{[%clk 1:29:34]} 6. Bc4 {[%clk 1:31:53]} a6 {[%clk 1:29:21]} 7. a4
{[%clk 1:32:15]} Na5 {[%clk 1:29:02]} 8. d3 {[%clk 1:32:30]} g6 {[%clk 1:26:50]}
9. O-O {[%clk 1:32:55]} Bg7 {[%clk 1:27:00]} 10. Qe1 {[%clk 1:33:09]} Ne7
{[%clk 1:26:26]} 11. Qh4 {[%clk 1:31:13]} Nec6 {[%clk 1:23:46]} 12. Qg3
{[%clk 1:31:33]} Nd4 {[%clk 1:23:13]} 13. Nxd4 {[%clk 1:31:47]} Bxd4+
{[%clk 1:23:34]} 14. Kh1 {[%clk 1:32:12]} Nc6 {[%clk 1:22:57]} 15. Ne2
{[%clk 1:31:29]} Bg7 {[%clk 1:20:31]} 16. f5 {[%clk 1:18:30]} Be5
{[%clk 1:20:39]} 17. fxe6 {[%clk 1:18:38]} Bxe6 {[%clk 1:17:49]} 18. Qf2
{[%clk 1:16:38]} Bxc4 {[%clk 1:17:47]} 19. dxc4 {[%clk 1:17:06]} O-O
{[%clk 1:17:08]} 20. Bh6 {[%clk 1:15:00]} Bg7 {[%clk 1:17:37]} 21. Bxg7
{[%clk 1:15:21]} Kxg7 {[%clk 1:17:58]} 22. Rad1 {[%clk 1:15:40]} Qe7
{[%clk 1:16:36]} 23. Nc3 {[%clk 1:14:32]} Rad8 {[%clk 1:13:27]} 24. Nd5
{[%clk 1:08:10]} Qe5 {[%clk 1:06:02]} 25. c3 {[%clk 0:51:57]} f5 {[%clk 0:58:18]}
26. exf5 {[%clk 0:45:32]} Rxf5 {[%clk 0:58:40]} 27. Qd2 {[%clk 0:45:44]} Rdf8
{[%clk 0:58:08]} 28. Rxf5 {[%clk 0:45:49]} Qxf5 {[%clk 0:57:35]} 29. Ne3
{[%clk 0:45:41]} Qf2 {[%clk 0:56:42]} 30. h3 {[%clk 0:45:19]} Na5
{[%clk 0:42:54]} 31. b4 {[%clk 0:38:00]} Nc6 {[%clk 0:39:29]} 32. b5
{[%clk 0:37:28]} Ne5 {[%clk 0:39:16]} 33. Qxf2 {[%clk 0:37:29]} Rxf2
{[%clk 0:39:30]} 34. Rxd6 {[%clk 0:37:45]} Re2 {[%clk 0:37:59]} 35. Nd5
{[%clk 0:37:40]} axb5 {[%clk 0:36:33]} 36. cxb5 {[%clk 0:35:02]} Rd2
{[%clk 0:36:48]} 37. Rb6 {[%clk 0:32:56]} Rxd5 {[%clk 0:36:30]} 38. Rxb7+
{[%clk 0:33:15]} Rd7 {[%clk 0:36:50]} 39. Rxd7+ {[%clk 0:33:33]} Nxd7
{[%clk 0:37:07]} 40. a5 {[%clk 0:34:01]} Kf6 {[%clk 0:37:09]} 41. b6
{[%clk 0:33:28]} Nb8 {[%clk 0:37:31]} 42. Kg1 {[%clk 0:32:19]} Ke5
{[%clk 0:37:50]} 43. Kf2 {[%clk 0:32:40]} Ke4 {[%clk 0:34:56]} 44. Ke2
{[%clk 0:33:09]} h5 {[%clk 0:35:09]} 45. b7 {[%clk 0:33:14]} g5 {[%clk 0:35:17]}
46. Kd2 {[%clk 0:32:18]} c4 {[%clk 0:35:36]} 47. Ke2 {[%clk 0:32:44]} g4
{[%clk 0:34:45]} 48. hxg4 {[%clk 0:33:08]} hxg4 {[%clk 0:35:09]} 49. g3
{[%clk 0:33:33]} Na6 {[%clk 0:35:32]} 50. Kd2 {[%clk 0:33:54]} Kf3
{[%clk 0:35:52]} 51. Kc2 {[%clk 0:34:13]} Ke2 {[%clk 0:35:56]} 52. Kb2
{[%clk 0:34:39]} Kd3 {[%clk 0:34:47]} 53. Ka3 {[%clk 0:35:08]} Kxc3
{[%clk 0:35:01]} 54. Ka4 {[%clk 0:35:34]} Kd4 {[%clk 0:34:06]} 55. Kb5
{[%clk 0:35:55]} Nb8 {[%clk 0:34:31]} 56. a6 {[%clk 0:36:08]} c3 {[%clk 0:33:53]}
57. a7 {[%clk 0:36:29]} c2 {[%clk 0:34:19]} 58. axb8=Q {[%clk 0:36:41]} c1=Q
{[%clk 0:34:36]} 59. Qf4+ {[%clk 0:36:57]} 1-0